Normal view MARC view
  • Breiser, Arthur

Entry Personal Name

Number of records used in: 1

001 - CONTROL NUMBER

  • control field: 123347

003 - CONTROL NUMBER IDENTIFIER

  • control field: NUST

005 - DATE AND TIME OF LATEST TRANSACTION

  • control field: 20240607115616.0

008 - FIXED-LENGTH DATA ELEMENTS

  • fixed length control field: 240607|| aca||aabn | a|a d

040 ## - CATALOGING SOURCE

  • Original cataloging agency: NUST
  • Transcribing agency: NUST

100 ## - HEADING--PERSONAL NAME

  • Personal name: Breiser, Arthur

670 ## - SOURCE DATA FOUND

  • Source citation: Work cat.: (NUST): Breiser, Arthur, Concepts Of Modern Physics, 2007.
© 2023 Central Library, National University of Sciences and Technology. All Rights Reserved.